000 01566cam a22003974i 4500
003 PE-LiUPU
005 20250731175643.0
008 150616s r 000 0 d
035 _a(Sirsi) a5662
040 _aPE-LiUPU
_bspa
_cPE-LiUPU
_erda
049 _aPRUA
082 0 4 _a498.515
_bC43
_221
100 1 _aCerrón-Palomino, Rodolfo,
_eautor.
245 1 0 _aLingüística Quechua /
_cRodolfo Cerrón-Palomino.
264 1 _aCuzco :
_bCentro de estudios rurales andinos "Bartolomé de Las Casas",
_c1987.
300 _a426 páginas :
_bIlus ;
_c24 cm.
336 _atext
_2rdacontent
337 _aunmediated
_2rdamedia
338 _avolume
_2rdacarrier
504 _aIncluye bibliografía.
505 0 _aLingüística quechua.- Area geográfica del quechua.- Fonología.- Morfología.- Evolución.- Clasificación.- Esbozo gramatical.- Origen y expansión.- La relación quechua-aru.- Muestreo dialectal.
526 _aP145
526 _aP127
526 _aP97
526 _aP35
526 _aP14
526 _aP07
650 0 4 _aQuechua
_xLingüística.
910 _ajck
_bjvq
_cjck
942 _2ddc
_cBOOK
949 _a498.515 C43
_wDEWEY
_c1
_i39393
_lCCODEBUL1
_mBUL
_p00.00
_r0
_sY
_tBOOK
_u19950926
_xTEOLOGIA
_zUNKNOWN
_0COMPRA
_o.STAFF. Colección General
994 _aC0
_bPEPRU
596 _a1
999 _a498.515 C43
_wDEWEY
_c56715
_i39393
_f2021-11-5
_g5
_lCCODEBUL1
_mBUL
_r0
_sY
_tBOOK
_u2015-6-16
_xBIBLIOTECA
_zUNKNOWN
_0COMPRA
_o.STAFF. Colección General
_d56715
980 _81
_gALBERTO SANCHEZ Responsable de Automatización